02022nam a22002537a 450000500170000000800410001704000340005804100080009208200150010010000210011524202320013624502690036824600270063725000840066426001470074830000600089550005010095550501160145650600210157254600210159360000410161465000460165565000670170120160217095028.0130419s1747||||it ||||fr|||||001|0|lat d cSandra YazodSandra Yazobspa0 alat04a291.612201 aVivien, Michaele00aTertuliano predicando. Guías de predicación, ordenadas alfabéticamente, sobre todos los temas para los domingos, fiestas ordinarias y extraordinarias y días de cuaresma. Organizadas en sermonescautor Miguel Vivienyspa10aTertulianus praedicans, et supra quamlibet materiam omnibus anni dominicis, & festis non ordinariis solum, sed etiam extraordinariis, singulisque Quadragesimae feriis praedicabilem, ordine alphabetico copiose dispositam ... concionescauctore R. P. Michaele Vivien18aTertulianus praedicans aEditio octava, [Octava edición]bcorrecta et emendata [corregida y enmendada] aPatavii [Padua] (Italia)bEx typographia Seminarii Apud Joannem Manfrè [En la imprenta del Seminario en los talleres de Juan Manfré]c1747 a2 volúmenes (80, 632 ;16, 688 páginas)c34 x 23 cm. aDetalles físicos: Encuadernación flexible en pergamino, en buen estado. Guardas. Portada impresa en una sola tinta, con la marca tipográfica del editor. Texto impreso en dos columnas, con varios tipos de letra, separadas por una línea vertical. Apostillas marginales. Signaturas y reclamos. Mayúsculas capitales. Cenefas. Ejemplares en buen estado de conservación. V.1 con abrasión en la portada, conserva las correas de los cierres V.2 Con dobleces en las primeras páginas y tapa rV.1: Sermones para distintas oportunidades: De Abstinencia a Juicio final -- V.2: De Lágrimas a Verbo de Dios aConsulta en sala aTexto en latín1 aTertuliano, Quinto Septimio Florente 7aOratoria sagradaxObras anteriores a 1800 7aSermones de festividades religiosas vObras anteriores a 1800